| Tag |
First Indicator |
Second Indicator |
Subfields |
| LEADER |
00000cam a2200000 a 4500 |
| 001 |
in00005742521 |
| 005 |
20260326174533.0 |
| 006 |
m o d |
| 007 |
cr cnu---unuuu |
| 008 |
100429s1985 flua ob 001 0 eng d |
| 010 |
|
|
|z 84021541
|
| 040 |
|
|
|a OCLCE
|b eng
|e pn
|c OCLCE
|d OCLCQ
|d OPELS
|d E7B
|d OCLCQ
|d IDEBK
|d OCLCF
|d OCLCQ
|d UIU
|d N$T
|d YDXCP
|d OCLCQ
|d UAB
|d OCLCQ
|d LEAUB
|d OCLCO
|d S2H
|d OCLCO
|d COM
|d OCLCO
|d OCL
|d OCLCQ
|d OCLCO
|d OCLCQ
|d OCLCL
|d COA
|d OCLCA
|d OCLCQ
|
| 019 |
|
|
|a 655410972
|a 657937155
|a 1086429545
|a 1340113088
|a 1424823625
|
| 020 |
|
|
|a 9780323155229
|q (electronic bk.)
|
| 020 |
|
|
|a 0323155227
|q (electronic bk.)
|
| 020 |
|
|
|z 9780120833504
|
| 020 |
|
|
|z 0120833506
|
| 024 |
8 |
|
|a (WaSeSS)ssj0000786064
|
| 035 |
|
|
|a (OCoLC)610147218
|z (OCoLC)655410972
|z (OCoLC)657937155
|z (OCoLC)1086429545
|z (OCoLC)1340113088
|z (OCoLC)1424823625
|
| 042 |
|
|
|a dlr
|
| 050 |
|
4 |
|a QP364.7
|b .I5 1985
|
| 060 |
|
4 |
|a QV 126
|b I35 1985
|
| 072 |
|
7 |
|a NAT
|x 019000
|2 bisacsh
|
| 072 |
|
7 |
|a SCI
|x 070030
|2 bisacsh
|
| 082 |
0 |
4 |
|a 599.01/88
|2 23
|
| 084 |
|
|
|a 35.74
|2 bcl
|
| 084 |
|
|
|a 42.18
|2 bcl
|
| 084 |
|
|
|a 44.38
|2 bcl
|
| 084 |
|
|
|a 44.90
|2 bcl
|
| 049 |
|
|
|a TXAM
|
| 245 |
0 |
0 |
|a In vivo perfusion and release of neuroactive substances :
|b methods and strategies /
|c edited by Alejandro Bayón, René Drucker-Colín.
|
| 260 |
|
|
|a Orlando :
|b Academic Press,
|c 1985.
|
| 300 |
|
|
|a 1 online resource (xvi, 322 pages) :
|b illustrations
|
| 336 |
|
|
|a text
|b txt
|2 rdacontent
|
| 337 |
|
|
|a computer
|b c
|2 rdamedia
|
| 338 |
|
|
|a online resource
|b cr
|2 rdacarrier
|
| 347 |
|
|
|a text file
|2 rdaft
|0 http://rdaregistry.info/termList/fileType/1002.
|
| 504 |
|
|
|a Includes bibliographical references and index.
|
| 538 |
|
|
|a Master and use copy. Digital master created according to Benchmark for Faithful Digital Reproductions of Monographs and Serials, Version 1. Digital Library Federation, December 2002.
|u http://purl.oclc.org/DLF/benchrepro0212
|5 MiAaHDL
|
| 583 |
1 |
|
|a digitized
|c 2010
|h HathiTrust Digital Library
|l committed to preserve
|2 pda
|5 MiAaHDL
|
| 588 |
0 |
|
|a Print version record.
|
| 650 |
|
0 |
|a Neurotransmitters.
|
| 650 |
|
0 |
|a Brain chemistry.
|
| 650 |
|
0 |
|a Perfusion (Physiology)
|
| 650 |
|
0 |
|a Neurochemistry.
|
| 650 |
|
2 |
|a Brain Chemistry
|
| 650 |
|
2 |
|a Neurochemistry
|
| 650 |
|
2 |
|a Neurotransmitter Agents
|x physiology
|
| 650 |
|
2 |
|a Perfusion
|x methods
|
| 650 |
|
2 |
|a Neurotransmitter Agents
|
| 650 |
|
2 |
|a Perfusion
|
| 650 |
|
6 |
|a Neurotransmetteurs.
|
| 650 |
|
6 |
|a Cerveau
|x Chimie.
|
| 650 |
|
6 |
|a Perfusion.
|
| 650 |
|
6 |
|a Neurochimie.
|
| 650 |
|
7 |
|a NATURE
|x Animals
|x Mammals.
|2 bisacsh
|
| 650 |
|
7 |
|a SCIENCE
|x Life Sciences
|x Zoology
|x Mammals.
|2 bisacsh
|
| 650 |
|
7 |
|a Neurochemistry
|2 fast
|
| 650 |
|
7 |
|a Brain chemistry
|2 fast
|
| 650 |
|
7 |
|a Neurotransmitters
|2 fast
|
| 650 |
|
7 |
|a Perfusion (Physiology)
|2 fast
|
| 650 |
|
7 |
|a Agents neuromédiateurs.
|2 fmesh
|
| 650 |
|
7 |
|a Gehirn
|2 gnd
|
| 650 |
|
7 |
|a Perfusion
|2 gnd
|
| 650 |
|
7 |
|a Neurotransmitter
|2 gnd
|
| 650 |
|
7 |
|a Aufsatzsammlung
|2 gnd
|
| 650 |
|
7 |
|a Neurochemie
|2 gnd
|
| 650 |
|
7 |
|a Methode
|2 gnd
|
| 650 |
|
7 |
|a Cerveau
|x Chimie.
|2 ram
|
| 650 |
|
7 |
|a Perfusion.
|2 ram
|
| 655 |
|
7 |
|a Electronic books.
|2 local
|
| 700 |
1 |
|
|a Bayón, Alejandro.
|
| 700 |
1 |
|
|a Drucker-Colín, René Raúl.
|
| 710 |
2 |
|
|a ScienceDirect (Online service)
|
| 758 |
|
|
|i has work:
|a In VIVO Perfusion and Release of Neroactive substances (Text)
|1 https://id.oclc.org/worldcat/entity/E39PCYCRYK3KT439CVkP7BDpfq
|4 https://id.oclc.org/worldcat/ontology/hasWork
|
| 776 |
0 |
8 |
|i Print version:
|t In vivo perfusion and release of neuroactive substances.
|d Orlando : Academic Press, 1985
|z 9780120833504
|w (DLC) 84021541
|w (OCoLC)11235200
|
| 856 |
4 |
0 |
|u http://proxy.library.tamu.edu/login?url=https://www.sciencedirect.com/science/book/9780120833504
|z Connect to the full text of this electronic book
|t 0
|
| 955 |
|
|
|a Elsevier ScienceDirect 2026-2027
|
| 994 |
|
|
|a 92
|b TXA
|
| 999 |
f |
f |
|i f68efa69-7379-4a30-9999-e34c6c412da3
|s acb0044e-c9a2-4835-aeb5-7f6f530fbf63
|t 0
|
| 952 |
f |
f |
|a Texas A&M University
|b College Station
|c Electronic Resources
|s www_evans
|d Available Online
|t 0
|e QP364.7 .I5 1985
|h Library of Congress classification
|
| 998 |
f |
f |
|a QP364.7 .I5 1985
|t 0
|l Available Online
|